000 00795nam a2200253Ia 4500
003 OSt
005 20220923230624.0
006 a|||||r|||| 00| 0
007 ta
008 220922b |||||||| |||| 00| 0 ben d
024 _a284,814
037 _cTextual
040 _aARTS
_cARTS
_bben
041 _2ben
_aben
082 _aO157,3N221,21, 152N0.1
100 _aबसु, समरेश
245 0 _aजुग जुग जियो
246 _aJug jug jiyo
260 _aइलाहाबाद
_b लोकभारती प्रकाशन
_c1990
490 _vभाग 1
650 _aबंगाली साहित्य
_9156264
942 _hO157,3N221,21, 152N0.1
_cTEXL
_2CC
999 _c386111
_d386111